| 000 | 00729nam a22001937a 4500 | ||
|---|---|---|---|
| 005 | 20210325173641.0 | ||
| 008 | s2529 th tha d | ||
| 041 | _atha | ||
| 050 |
_aDS578.32 จ119ส _b 2529 |
||
| 100 | 0 | _aส. ศิวรักษ์ | |
| 245 | 1 | 0 | _aสัมภาษณ์ ม.จ. จงจิตรถนอม ดิศกุล |
| 260 | 3 |
_aกรุงเทพฯ : _bเคล็ดไทย, _c2529 |
|
| 300 |
_a224 หน้า : _b ภาพประกอบ |
||
| 650 | 0 | 4 | _aจงจิตรถนอม ดิศกุล, ม.จ. -- สัมภาษณ์ |
| 850 | _aNALT | ||
| 942 | _cGB | ||
| 997 | _c000000000001951 | ||
| 998 | _aนางสาวสายฝน ดีงาม | ||
| 999 |
_c1951 _d1951 |
||